|
|
|
|
| LEADER |
00000nab a2200000 a 4500 |
| 001 |
vtls010706295 |
| 003 |
SK-MaSNL |
| 005 |
20260304185611.0 |
| 008 |
250709s1997 xo |||||||||||||||||slo| |
| 035 |
|
|
|a (urnnbn)urn:nbn:sk:snk:ar-a0412k
|
| 035 |
|
|
|a (uuid)6e2bc26c-bcfd-453e-9de4-8c26cdc13ccd
|
| 035 |
|
|
|a urn:nbn:sk:snk-ab3an9
|
| 040 |
|
|
|a SNKBUCL
|b slo
|c SNKBUCL
|e AACR2
|
| 041 |
0 |
|
|a slo
|
| 044 |
|
|
|a xo
|c SK
|
| 100 |
1 |
|
|a Tarbajovský, Ján
|4 aut
|9 1520121
|
| 245 |
1 |
0 |
|a NORMALIZÁCIA V OBLASTI TECHNICKÝCH VÝKRESOV
|c Ján Tarbajovský, Drahomíra Sekerešová
|
| 700 |
1 |
|
|a Sekerešová, Drahomíra
|4 aut
|9 314198
|
| 773 |
0 |
|
|t Normalizácia : odborný časopis pre technickú normalizáciu
|g Roč. 2, č. 1 (1997), s. 17-18
|
| 850 |
|
|
|a Slovenská národná knižnica
|
| 852 |
|
|
|a Slovenská národná knižnica
|
| 954 |
|
|
|a odborná, vedecká literatúra pôvodná (slovenská)
|2 lita
|
| 958 |
|
|
|a article1
|
| 958 |
|
|
|a OND
|
| 958 |
|
|
|a EUIPO
|
| 999 |
|
|
|c 3044707
|d 3046637
|